Diagnóstico de las enfermedades de los niños con especial consideración de los niños de pecho (Record no. 16441)

MARC details
000 -LEADER
campo de control de longitud fija 00740nam a2200193 i 4500
001 - NÚMERO DE CONTROL
campo de control 16441
003 - IDENTIFICADOR DE NÚMERO DE CONTROL
campo de control ES-MaACL
007 - CAMPO FIJO DE DESCRIPCIÓN FÍSICA--INFORMACIÓN GENERAL
campo de control de longitud fija t|
008 - DATOS DE LONGITUD FIJA--INFORMACIÓN GENERAL
campo de control de longitud fija 000921s1932 sp ||||1| spa d
080 ## - NÚMERO DE LA CLASIFICACIÓN DECIMAL UNIVERSAL
Número de la Clasificación Decimal Universal 616-053.2-07
100 1# - ENTRADA PRINCIPAL--NOMBRE DE PERSONA
Nombre de persona Feer, E.
9 (RLIN) 49088
245 10 - MENCIÓN DEL TÍTULO
Título Diagnóstico de las enfermedades de los niños con especial consideración de los niños de pecho
Resto del título : guía práctica para médicos y estudiantes /
Mención de responsabilidad, etc. por E. Feer ; traducción de la cuarta edición alemana por F. Sánchez Sarachaga.
250 ## - MENCION DE EDICION
Mención de edición 3ª ed.
260 ## - PUBLICACIÓN, DISTRIBUCIÓN, ETC.
Lugar de publicación, distribución, etc. Madrid :
Nombre del editor, distribuidor, etc. Labor,
Fecha de publicación, distribución, etc. 1932.
300 ## - DESCRIPCIÓN FÍSICA
Extensión 439 p. :
Otras características físicas il. ;
Dimensiones 25 cm.
650 14 - PUNTO DE ACCESO ADICIONAL DE MATERIA--TÉRMINO DE MATERIA
Término de materia o nombre geográfico como elemento de entrada Niños-
Subdivisión general Diagnóstico de enfermedades.
9 (RLIN) 15545
700 1# - ENTRADA AGREGADA--NOMBRE PERSONAL
Nombre de persona Sánchez-Sarachaga, Fernando.
9 (RLIN) 102929
852 ## - LOCALIZACIÓN
Ubicación ES-MaACL
Número de control de estantería G-2173
Sublocalización o colección R.110976
Holdings
Estatus retirado Estado de pérdida Estado de daño No para préstamo Biblioteca de origen Biblioteca actual Ubicación en estantería Fecha de adquisición Fuente de adquisición Total de préstamos Signatura topográfica completa Código de barras Visto por última vez Precio de reemplazo Tipo de ítem Koha
        Biblioteca del Ateneo de Madrid Biblioteca del Ateneo de Madrid Depósito 2 17/01/2008     G-2173 1016703 23/02/2023 23/02/2023 Libro impreso